| 000 | 00635nam a22001937a 4500 | ||
|---|---|---|---|
| 999 |
_c14423 _d14423 |
||
| 003 | AR-CdUCM | ||
| 008 | 190423b ||||| |||| 00| 0 spa d | ||
| 020 | _a978-84-683-1056-5 | ||
| 040 |
_aMUNICIPALIDAD PROVINCIAL DEL CUSCO _cBIBLIOTECA MUNICIPAL DEL CUSCO |
||
| 082 |
_aPI / 376.12 / _bK11 |
||
| 110 |
_aKids edebé _932998 |
||
| 245 |
_aLas aventuras de topo y bicho bola : _bEl primer encuentro / |
||
| 260 |
_aBarcelona : _bMarta Sans, _c2013. |
||
| 300 |
_a8 páginas ; _bIlustraciones, _c21 cm. |
||
| 650 |
_aLiteratura infantil _9588 |
||
| 650 |
_aCuentos infantiles _93927 |
||
| 942 |
_2ddc _cLIBROS |
||
| 945 |
_aacv _d2019-04-23 |
||